<?xml version="1.0" encoding="UTF-8"?>
<record
    xmlns:xsi="http://www.w3.org/2001/XMLSchema-instance"
    xsi:schemaLocation="http://www.loc.gov/MARC21/slim http://www.loc.gov/standards/marcxml/schema/MARC21slim.xsd"
    xmlns="http://www.loc.gov/MARC21/slim">

  <leader>00187nam a2200085   4500</leader>
  <controlfield tag="001">1257167</controlfield>
  <controlfield tag="005">20260204094157.0</controlfield>
  <datafield tag="245" ind1=" " ind2=" ">
    <subfield code="a">BABAM OKULUN EN &#xC7;ALI&#x15E;KANI</subfield>
    <subfield code="c">TARIK I&#x15E;IK</subfield>
  </datafield>
  <datafield tag="260" ind1=" " ind2=" ">
    <subfield code="b">TUDEM</subfield>
  </datafield>
  <datafield tag="999" ind1=" " ind2=" ">
    <subfield code="c">1257167</subfield>
    <subfield code="d">1257167</subfield>
  </datafield>
  <datafield tag="952" ind1=" " ind2=" ">
    <subfield code="0">0</subfield>
    <subfield code="1">0</subfield>
    <subfield code="2">ddc</subfield>
    <subfield code="4">0</subfield>
    <subfield code="7">0</subfield>
    <subfield code="a">1031</subfield>
    <subfield code="b">1031</subfield>
    <subfield code="d">2026-02-04</subfield>
    <subfield code="l">1</subfield>
    <subfield code="o">K1</subfield>
    <subfield code="p">10316576</subfield>
    <subfield code="r">2026-02-18 11:26:27</subfield>
    <subfield code="s">2026-02-04</subfield>
    <subfield code="w">2026-02-04</subfield>
    <subfield code="y">BK</subfield>
  </datafield>
</record>
